2025-26 Europa League teams on a map - Statistics

General Stats
  • This quiz has been taken 361 times
    191 since last reset
  • The average score is 27 of 36
Answers on the Map
Answers color-coded by a green-red scale on the quiz's map according to % correct below.
 
Answer Stats
Club % Correct
Celtic
97%
Rangers FC
95%
Aston Villa
94%
Braga
92%
Porto
92%
AS Roma
91%
Olympique Lyonnais
89%
Malmö FF
86%
Feyenoord
85%
Nottingham Forest
85%
OGC Nice
84%
Red Star Belgrade
82%
Bologna
81%
Fenerbahçe
81%
FC Basel
80%
RB Salzburg
80%
Lille OSC
78%
Real Betis
78%
Celta Vigo
77%
Panathinaikos
77%
Young Boys
76%
PAOK
73%
Ferencváros
72%
VfB Stuttgart
72%
Dinamo Zagreb
70%
Viktoria Plzeñ
69%
Sturm Graz
68%
FCSB
66%
Maccabi Tel Aviv
66%
FC Utrecht
64%
KRC Genk
64%
Freiburg
62%
Ludogorets Razgrad
59%
Go Ahead Eagles
58%
Midtjylland
57%
Brann
49%
No matching quizzes found
Score Distribution
Percent of People with Each Score
Percentile by Number Answered
Your Score History
You have not taken this quiz since the last reset